| 000 | 00564nam a2200193Ia 4500 | ||
|---|---|---|---|
| 003 | GCL | ||
| 008 | 140319s9999 xx 000 0 ara d | ||
| 040 |
_aGCL / _cGCL |
||
| 082 | 0 | 4 |
_a810.9 _bج ع |
| 100 | 1 | _aجلال العشرى | |
| 245 | 1 | 0 |
_aالعقاد والعقادية / _cجلال العشرى |
| 260 |
_a[S.N] : _bالدار المصرية اللبنانية ، _c1994 |
||
| 300 | _a166 | ||
| 490 | _a | ||
| 650 | 0 | 4 | _aالادب العربى |
| 650 | 0 | 4 | _aالعصر الحديث |
| 650 | 0 | 4 | _aعباس محمود العقاد |
| 942 |
_2ddc _cBK |
||
| 999 |
_c30035 _d30035 |
||